| 000 | 00919nam a2200229 i 4500 | ||
|---|---|---|---|
| 001 | 181679 | ||
| 003 | ES-MaACL | ||
| 005 | 20260217114924.0 | ||
| 008 | 130308s1913 sp | |||||||| | spa d | ||
| 080 | _a821.134.2-4"18" | ||
| 100 | 1 |
_aMaragall, Joan, _d1860-1911 _9152432 |
|
| 245 | 1 | 0 |
_aElogios / _cJoan Maragall. |
| 260 |
_aBarcelona : _bGustavo Gili, _c1913. |
||
| 300 |
_a186 p. ; _c23 cm. |
||
| 490 | 1 | _aObras completas de Juan Maragall. Serie castellana | |
| 505 | 8 | _aContiene: Preliminar ; Del amor ; De la palabra ; De la poesía ; Del pueblo ; Del teatro ; De la danza ; Del vivir ; De la gracia ; De una tarde de agosto | |
| 830 | 0 |
_aObras completas de Juan Maragall. Serie castellana _9191559 |
|
| 852 |
_aES-MaACL _jF-1914 _cDEPO2 |
||
| 856 | 4 |
_uhttps://bnedigital.bne.es/bd/es/viewer?id=d4aa87c9-bc77-4120-ad4c-b535efde59e7 _yIr a la página |
|
| 942 | _2udc | ||
| 999 |
_c181679 _d181679 |
||